000 00824nam a2200253Ia 4500
003 OSt
005 20220923212352.0
006 a|||||r|||| 00| 0
007 ta
008 220922b |||||||| |||| 00| 0 hin d
024 _a152,410
037 _cTextual
040 _aARTS
_cARTS
_bhin
041 _2hin
_ahin
082 _aO122,3Lsa,1, 152L7
100 _aसंेपियेंर, बेरनादे दे
245 0 _aअमर प्रेम
246 _aAmar prema
260 _aदिल्ली
_b राजपाल एण्ड संस
_c1977
300 _a111 पृ.
_ccm.
650 _aहिन्दी साहित्य
_9156264
942 _hO122,3Lsa,1, 152L7
_cTEXL
_2CC
999 _c308059
_d308059